Contempt law, state and society (Record no. 12047)
[ view plain ]
| 000 -LEADER | |
|---|---|
| fixed length control field | 00452nam a2200157Ia 4500 |
| 082 ## - DEWEY DECIMAL CLASSIFICATION NUMBER | |
| Classification number | 345.0234 BHA-; |
| 100 ## - MAIN ENTRY--AUTHOR NAME | |
| Personal name | Bhattacharyya, T. |
| 245 #0 - TITLE STATEMENT | |
| Title | Contempt law, state and society |
| 260 ## - PUBLICATION, DISTRIBUTION, ETC. (IMPRINT) | |
| Place of publication | Jaipur |
| Name of publisher | University Book |
| Year of publication | 1990 |
| 300 ## - PHYSICAL DESCRIPTION | |
| Number of Pages | 276p. |
| 504 ## - BIBLIOGRAPHY, ETC. NOTE | |
| Bibliography, etc | Includes indexZ |
| 650 ## - SUBJECT ADDED ENTRY--TOPICAL TERM | |
| Topical Term | Contempt of court - History - India |
| 650 ## - SUBJECT ADDED ENTRY--TOPICAL TERM | |
| Topical Term | Conduct of court proceedings - India |
| 650 ## - SUBJECT ADDED ENTRY--TOPICAL TERM | |
| Topical Term | Contempt of legislative bodies - India |
| 942 ## - ADDED ENTRY ELEMENTS (KOHA) | |
| Koha item type | Books |
| Source of classification or shelving scheme | Dewey Decimal Classification |
| Withdrawn status | Lost status | Damaged status | Not for loan | Home library | Current library | Date acquired | Bill Date | Full call number | Accession Number | Price effective from | Koha item type |
|---|---|---|---|---|---|---|---|---|---|---|---|
| NASSDOC Library | NASSDOC Library | 08/06/2004 | 2008-12-30 | 345.0234 BHA-; | 34383 | 18/04/2019 | Books |
